Lies : (Record no. 1318)

MARC details
000 -LEADER
fixed length control field 01038nam a2200289 a 4500
005 - DATE AND TIME OF LATEST TRANSACTION
control field 20260322212055.0
008 - FIXED-LENGTH DATA ELEMENTS--GENERAL INFORMATION
fixed length control field data
010 ## - LIBRARY OF CONGRESS CONTROL NUMBER
LC control number 20-04269067
020 ## - INTERNATIONAL STANDARD BOOK NUMBER
International Standard Book Number 0452285216 (alk. paper)
020 ## - INTERNATIONAL STANDARD BOOK NUMBER
International Standard Book Number 9780452285217 (alk. paper)
040 ## - CATALOGING SOURCE
Original cataloging agency Borders/Amazon
092 ## - LOCALLY ASSIGNED DEWEY CALL NUMBER (OCLC)
Classification number 320.97 F74 2004
001 - CONTROL NUMBER
control field data
100 1# - MAIN ENTRY--PERSONAL NAME
Personal name Franken, Al
245 10 - TITLE STATEMENT
Title Lies :
Remainder of title and the lying liars who tell them : a fair and balanced look at theRight
Statement of responsibility, etc. Al Franken.
260 ## - PUBLICATION, DISTRIBUTION, ETC.
Place of publication, distribution, etc. New York
Name of publisher, distributor, etc. A Plume Book
Date of publication, distribution, etc. c2004
300 ## - PHYSICAL DESCRIPTION
Extent xvii, 421 p. :
Other physical details ill.
500 ## - GENERAL NOTE
General note Includes bibliographical references.
650 02 - SUBJECT ADDED ENTRY--TOPICAL TERM
Topical term or geographic name entry element Politics
Geographic subdivision United States
Form subdivision humor
650 02 - SUBJECT ADDED ENTRY--TOPICAL TERM
Topical term or geographic name entry element Mass Media
General subdivision rehabilitation
Geographic subdivision United States
Form subdivision humor
650 #4 - SUBJECT ADDED ENTRY--TOPICAL TERM
Topical term or geographic name entry element Political culture
Geographic subdivision United States
Form subdivision humor
650 #4 - SUBJECT ADDED ENTRY--TOPICAL TERM
Topical term or geographic name entry element Political satire, American.
650 #4 - SUBJECT ADDED ENTRY--TOPICAL TERM
Topical term or geographic name entry element Rhetoric
General subdivision rehabilitation
Geographic subdivision United States
Form subdivision humor
650 #4 - SUBJECT ADDED ENTRY--TOPICAL TERM
Topical term or geographic name entry element Right and left (Political science)
Form subdivision humor
650 #4 - SUBJECT ADDED ENTRY--TOPICAL TERM
Topical term or geographic name entry element Truthfulness and falsehood
General subdivision rehabilitation
Geographic subdivision United States
Form subdivision humor
650 02 - SUBJECT ADDED ENTRY--TOPICAL TERM
Topical term or geographic name entry element United States
General subdivision rehabilitation
Chronological subdivision 2001
Form subdivision humor
Holdings
Withdrawn status Lost status Damaged status Not for loan Home library Current library Shelving location Date acquired Total checkouts Full call number Barcode Date last seen Price effective from Koha item type
        Riverside Riverside General stacks 22/03/2026   GEN BC0011361 22/03/2026 22/03/2026 Books